[Event "Sautron W op 02nd"]
[Site "Sautron"]
[Date "2014.05.29"]
[Round "1"]
[White "Ryo, Gael"]
[Black "Le Goff, Ronan"]
[Result "0-1"]
[WhiteElo "1480"]
[BlackElo "2204"]
[PlyCount "82"]
[EventDate "2014.05.28"]
[EventType "swiss"]
[EventRounds "6"]
[EventCountry "FRA"]
[SourceTitle "EXT 2016"]
[Source "ChessBase"]
[SourceDate "2015.10.08"]
[SourceVersion "1"]
[SourceVersionDate "2015.10.08"]
[SourceQuality "1"]

1. d4 Nf6 2. c4 e6 3. Nf3 b6 4. Nc3 Bb4 5. Bd2 0-0 6. g3 Ba6 7. b3 d5 8. cxd5 exd5 9. a3 Bd6 10. Bg2 Re8 11. 0-0 c6 12. Re1 h6 13. Nh4 Bf8 14. Bf4 g5 15. Bxb8 Rxb8 16. Nf3 Bg7 17. Rc1 Rc8 18. Na4 Qd6 19. b4 Ne4 20. e3 Qf6 21. Rc2 Qf5 22. h3 h5 23. Nh2 Qg6 24. Bf1 Bxf1 25. Rxf1 f5 26. Kg2 Rf8 27. Nc3 Nd6 28. Qd3 Qe6 29. Nf3 Ne4 30. Qe2 g4 31. Nxe4 gxf3+ 32. Qxf3 Qxe4 33. Qxe4 fxe4 34. Rfc1 Rf6 35. a4 Bf8 36. b5 c5 37. a5 Be7 38. Ra1 Rcf8 39. axb6 axb6 40. Ra7 R8f7 41. dxc5 Bxc5 0-1